इस्पात पुरूष अम्बेडकर / (Record no. 12727)

MARC details
000 -LEADER
fixed length control field 02646 a2200277 4500
008 - FIXED-LENGTH DATA ELEMENTS--GENERAL INFORMATION
fixed length control field 090514t xxu||||| |||| 00| 0 hin d
010 ## - LCCN (DPL NO)
LC control number B-294896-901
020 ## - INTERNATIONAL STANDARD BOOK NUMBER
International Standard Book Number 81902255114
Terms of availability 395.00
035 ## - SYSTEM CONTROL NUMBER
System control number B-294896-901
037 ## - SOURCE OF ACQUISITION
Source of stock number/acquisition राज बुक सर्विस
040 ## - CATALOGING SOURCE
Original cataloging agency dpl
Language of cataloging HIN
082 ## - DEWEY DECIMAL CLASSIFICATION NUMBER
Classification number 305.56
100 ## - MAIN ENTRY--PERSONAL NAME
Personal name तारकेश्वरनाथ सिंह
245 ## - TITLE STATEMENT
Title इस्पात पुरूष अम्बेडकर /
Statement of responsibility, etc तारकेश्वरनाथ सिंह
260 ## - PUBLICATION, DISTRIBUTION, ETC. (IMPRINT)
Place of publication, distribution, etc दिल्ली
Name of publisher, distributor, etc राज बुक सर्विस
Date of publication, distribution, etc 2008
270 ## - ADDRESS
Address बी-71,डी.डी.ए.कॉलोनी,वैस्ट गोरखपार्क एक्टेशन, शाहदरा
City दिल्ली
Postal code 110032
State or province दिल्ली
300 ## - PHYSICAL DESCRIPTION
Extent 272पृ,
Dimensions 22 सेमी (सजिल्द)
942 ## - ADDED ENTRY ELEMENTS (KOHA)
Institution code [OBSOLETE] dpl
Item type Hindi Books
Call number prefix / तारके
Source of classification or shelving scheme Dewey Decimal Classification
Classification part 305.56
Call number suffix तारके
Holdings
Withdrawn status Lost status Source of classification or shelving scheme Damaged status Not for loan Collection code Home library Current library Date acquired Source of acquisition Cost, normal purchase price Total Checkouts Full call number Barcode Date last seen Copy number Cost, replacement price Koha item type Total Renewals
    Dewey Decimal Classification     Non-fiction Central Library Central Library 14/05/2009 राज बुक सर्विस/478/18.9.08/412/4.9.08/20.9.08B 395.00 1 305.56 तारके B-294896 18/05/2018 1 395.00 Hindi Books  
    Dewey Decimal Classification     Non-fiction Karol Bagh Karol Bagh 14/05/2009 राज बुक सर्विस/478/18.9.08/412/4.9.08/20.9.08B 395.00   305.56 तारके B-294900 14/05/2009 1 395.00 Hindi Books  
    Dewey Decimal Classification     Non-fiction Patel Nagar Patel Nagar 14/05/2009 राज बुक सर्विस/478/18.9.08/412/4.9.08/20.9.08B 395.00 2 305.56 तारके B-294897 09/03/2023 1 395.00 Hindi Books 1
    Dewey Decimal Classification     Non-fiction Sarojini Nagar Sarojini Nagar 14/05/2009 राज बुक सर्विस/478/18.9.08/412/4.9.08/20.9.08B 395.00   305.56 तारके B-294898 14/05/2009 1 395.00 Hindi Books  
    Dewey Decimal Classification     Non-fiction Shahdara Branch Shahdara Branch 14/05/2009 राज बुक सर्विस/478/18.9.08/412/4.9.08/20.9.08B 395.00 7 305.56 तारके B-294901 31/10/2022 1 395.00 Hindi Books 3
    Dewey Decimal Classification     Non-fiction Vinoba Puri Vinoba Puri 14/05/2009 राज बुक सर्विस/478/18.9.08/412/4.9.08/20.9.08B 395.00   305.56 तारके B-294899 14/05/2009 1 395.00 Hindi Books  

© Delhi Public Library
Hit Counter
free hit counter